=LDR 00000nam 2200000 4500 =001 INLIS000000000006747 =005 20130612094841 =008 ***********************************Ind** =035 ##$$0010-061300000006747 =041 ##$$a Ind =082 ##$$a 2x4 =090 ##$$a 2x4, Anu f =100 ##$$a Anuz, Fariq bin Gasim =245 ##$$a Fiqih nasehat, Fariq bin Gasim Anuz =260 ##$$a 1999 $b Jakarta =300 ##$$a 255 hlm., 21 cm =650 ##$$a Fiqih =850 ##$$a NBPNMAT